Online
Catalog

Mensajes al pueblo dominicano / (Record no. 20439)

MARC details
000 -CABECERA
campo de control de longitud fija 00868nam a2200253 a 4500
001 - NÚMERO DE CONTROL
campo de control 000020936
003 - IDENTIFICADOR DEL NÚMERO DE CONTROL
campo de control DO-SdBNP
005 - FECHA Y HORA DE LA ÚLTIMA TRANSACCIÓN
campo de control 20250307085523.0
008 - DATOS DE LONGITUD FIJA--INFORMACIÓN GENERAL
campo de control de longitud fija 100824s1983 dr r 000 0 spa d
020 ## - NÚMERO INTERNACIONAL ESTÁNDAR DEL LIBRO
Número Internacional Estándar del Libro 84-499-9261-3
040 ## - FUENTE DE LA CATALOGACIÓN
Centro catalogador/agencia de origen DO-SdBNP
Lengua de catalogación spa
Centro/agencia transcriptor BNPHU
082 ## - NÚMERO DE LA CLASIFICACIÓN DECIMAL DEWEY
Número de clasificación 972.93054
Número de documento/Ítem B171m
100 1# - ENTRADA PRINCIPAL--NOMBRE DE PERSONA
Nombre de persona Balaguer, Joaquín,
Fechas asociadas al nombre 1906-2002
9 (RLIN) 76556
245 10 - MENCIÓN DE TÍTULO
Título Mensajes al pueblo dominicano /
Mención de responsabilidad, etc. Joaquín Balaguer.
260 ## - PUBLICACIÓN, DISTRIBUCIÓN, ETC.
Lugar de publicación, distribución, etc. Santo Domingo :
Nombre del editor, distribuidor, etc. [s.n.],
Fecha de publicación, distribución, etc. 1983.
300 ## - DESCRIPCIÓN FÍSICA
Extensión 485 p. ;
Dimensiones 26 cm.
490 1# - MENCIÓN DE SERIE
Mención de serie Discursos
Designación de volumen o secuencia 7
600 10 - PUNTO DE ACCESO ADICIONAL DE MATERIA--NOMBRE DE PERSONA
Nombre de persona Balaguer, Joaquín,
Fechas asociadas al nombre 1906-2002
Subdivisión general Ensayos, conferencias, etc.
9 (RLIN) 76556
651 14 - PUNTO DE ACCESO ADICIONAL DE MATERIA--NOMBRE GEOGRÁFICO
Nombre geográfico República Dominicana
Subdivisión general Política y gobierno
Subdivisión cronológica 1961-
9 (RLIN) 204
651 14 - PUNTO DE ACCESO ADICIONAL DE MATERIA--NOMBRE GEOGRÁFICO
Nombre geográfico República Dominicana
Subdivisión general Condiciones económicas
-- Historia
Subdivisión cronológica 1961-
9 (RLIN) 43863
830 #0 - PUNTO DE ACCESO ADICIONAL DE SERIE-TÍTULO UNIFORME
Título uniforme Discursos
Número de parte o sección de la obra 7
9 (RLIN) 43864
910 ## - DATOS DE OPCIÓN DEL USUARIO (OCLC)
Datos de opción del usuario Validado. Control de calidad. MFF
942 ## - ELEMENTOS DE PUNTO DE ACCESO ADICIONAL (KOHA)
Fuente del sistema de clasificación o colocación Dewey Decimal Classification
Tipo de ítem Koha Libro
Holdings
Estado de retiro Estado de pérdida Restricciones de uso No para préstamo Código de colección Localización permanente Ubicación/localización actual Ubicación en estantería Fecha de adquisición Número de inventario Total de préstamos Signatura topográfica completa Código de barras Fecha visto por última vez Número de copia Precio válido a partir de Tipo de ítem Koha Nota pública
        Dominicana de Servicio General General Depósito 19.03.2013 LF1   972.93054 B171m 20936-60 25.06.2020 e.3 25.06.2020 Libro y Folleto Colección Dominicana de Servicio  
        Dominicana de Servicio General General Depósito 19.03.2013 LF1   972.93054 B171m 20936-70 25.06.2020 e.4 25.06.2020 Libro y Folleto Colección Dominicana de Servicio Perteneció a la biblioteca personal de la familia Reyes Duluc. Autografíado por el autor.
        Dominicana de Servicio General General Depósito 28.05.2019 LF1   972.93054 B171m 20936-80 25.06.2020 e.5 25.06.2020 Libro y Folleto Colección Dominicana de Servicio Perteneció a la biblioteca personal de Maritza Baez.
      Excluido de préstamo Patrimonio Dominicano Patrimonio Dominicano Patrimonio Dominicano Depósito 24.08.2010 LF1   972.93054 B171m 20936-10 25.06.2020   25.06.2020 Libro y Folleto Colección Patrimonio Dominicano Perteneció a la biblioteca personal de Germán Emilio Ornes.
      Excluido de préstamo Patrimonio Dominicano Patrimonio Dominicano Patrimonio Dominicano Depósito 19.03.2013 LF1   972.93054 B171m 20936-50 25.06.2020 e.2 25.06.2020 Libro y Folleto Colección Patrimonio Dominicano Perteneció a la biblioteca personal de Germán Emilio Ornes

Powered by Koha